00307pab a2200121 454500008004000000100002300040245004600063260000900109300001300118362001100131650002300142773002000165180718b2013 xxu||||| |||| 00| 0 eng d aMaheshwari, Amrita aSoft skills: Must for sustainable success c2013 ap.13-16. a16 Sep aSkills development aUniversity News